C++ concurrency in action : (Record no. 370)
[ view plain ]
| 000 -LEADER | |
|---|---|
| fixed length control field | 00828pam a2200265 a 4500 |
| 001 - CONTROL NUMBER | |
| control field | 4729485 |
| 005 - DATE AND TIME OF LATEST TRANSACTION | |
| control field | 20200421093827.0 |
| 008 - FIXED-LENGTH DATA ELEMENTS--GENERAL INFORMATION | |
| fixed length control field | 100923s2012 ctua b 001 0 eng d |
| 015 ## - NATIONAL BIBLIOGRAPHY NUMBER | |
| National bibliography number | GBB0C3089 |
| Source | bnb |
| 020 ## - INTERNATIONAL STANDARD BOOK NUMBER | |
| International Standard Book Number | 9781933988771 (pbk.) : |
| Terms of availability | £50.99 |
| 020 ## - INTERNATIONAL STANDARD BOOK NUMBER | |
| International Standard Book Number | 1933988770 (pbk.) : |
| Terms of availability | £50.99 |
| 035 ## - SYSTEM CONTROL NUMBER | |
| System control number | (Uk)015669782 |
| 035 ## - SYSTEM CONTROL NUMBER | |
| System control number | 2390089 |
| 040 ## - CATALOGING SOURCE | |
| Original cataloging agency | StDuBDS |
| Language of cataloging | eng |
| Transcribing agency | StDuBDS |
| Modifying agency | Uk |
| 042 ## - AUTHENTICATION CODE | |
| Authentication code | ukblcatcopy |
| 082 04 - DEWEY DECIMAL CLASSIFICATION NUMBER | |
| Classification number | 005.133 |
| Edition information | 22 |
| 100 1# - MAIN ENTRY--PERSONAL NAME | |
| Personal name | Williams, Anthony. |
| 245 10 - TITLE STATEMENT | |
| Title | C++ concurrency in action : |
| Remainder of title | practical multithreading / |
| Statement of responsibility, etc. | Anthony Williams. |
| 260 ## - PUBLICATION, DISTRIBUTION, ETC. | |
| Place of publication, distribution, etc. | Shelter Island, N.Y. : |
| Name of publisher, distributor, etc. | Manning, |
| Date of publication, distribution, etc. | c2012. |
| 300 ## - PHYSICAL DESCRIPTION | |
| Extent | xxii, 506 p. : |
| Other physical details | ill. ; |
| Dimensions | 24 cm. |
| 500 ## - GENERAL NOTE | |
| General note | Formerly CIP. |
| Institution to which field applies | Uk |
| 504 ## - BIBLIOGRAPHY, ETC. NOTE | |
| Bibliography, etc. note | Includes bibliographical references and index. |
| 650 #0 - SUBJECT ADDED ENTRY--TOPICAL TERM | |
| Topical term or geographic name entry element | C++ (Computer program language) |
| 942 ## - ADDED ENTRY ELEMENTS (KOHA) | |
| Source of classification or shelving scheme | Dewey Decimal Classification |
| Koha item type | Books |
| Withdrawn status | Lost status | Damaged status | Not for loan | Collection | Home library | Current library | Shelving location | Date acquired | Barcode | Date last seen | Price effective from | Koha item type |
|---|---|---|---|---|---|---|---|---|---|---|---|---|
| Reference | Fairview | Fairview | General stacks | 09/04/2014 | 39999000016239 | 09/04/2014 | 09/04/2014 | Books |